[Event "SR 2. liga A 2011/2012"]
[Site "?"]
[Date "2011.11.05"]
[Round "17.1"]
[White "Peitl, Tomas"]
[Black "Schwarz, Dusan"]
[Result "0-1"]
[WhiteElo "2214"]
[BlackElo "2286"]
[PlyCount "80"]
[EventDate "2011.??.??"]
[WhiteTeam "Slovakia"]
[BlackTeam "Slovakia"]
[WhiteTeamCountry "SVK"]
[BlackTeamCountry "SVK"]

1. c4 e5 2. Nc3 Nf6 3. d3 Bb4 4. Nf3 Nc6 5. Bg5 h6 6. Bh4 d6 7. a3 Bxc3+ 8.
bxc3 g5 9. Bg3 Nh5 10. e4 Nxg3 11. hxg3 Qf6 12. Rb1 b6 13. Be2 Kf8 14. Nh2 Kg7
15. Nf1 Ne7 16. Ne3 c6 17. Bg4 Bxg4 18. Qxg4 Rad8 19. Qf3 Qxf3 20. gxf3 f6 21.
Ke2 d5 22. exd5 cxd5 23. c5 d4 24. cxd4 exd4 25. Nc4 Nd5 26. Kd2 Nc3 27. Rbe1
bxc5 28. Re7+ Kg6 29. Rhe1 Rh7 30. g4 Rxe7 31. Rxe7 h5 32. gxh5+ Kxh5 33. Kc2
Kg6 34. Nb2 Rh8 35. Nd1 Nd5 36. Rxa7 Re8 37. Kb3 Re2 38. Rd7 Nf4 39. a4 Nxd3
40. a5 Rd2 {0} 0-1

[Event "SR 2. liga A 2011/2012"]
[Site "?"]
[Date "2011.11.05"]
[Round "17.2"]
[White "Janos, Martin"]
[Black "Bezuch, Martin"]
[Result "1-0"]
[WhiteElo "2252"]
[BlackElo "2210"]
[PlyCount "121"]
[EventDate "2011.??.??"]
[WhiteTeam "Slovakia"]
[BlackTeam "Slovakia"]
[WhiteTeamCountry "SVK"]
[BlackTeamCountry "SVK"]

1. d4 g6 2. e4 Bg7 3. c3 d6 4. Bd3 e5 5. Ne2 Nf6 6. O-O O-O 7. c4 exd4 8. Nxd4
Nc6 9. Nxc6 bxc6 10. Nc3 Ng4 11. h3 Ne5 12. Be2 Qh4 13. f4 Nd7 14. Be3 Re8 15.
Bf3 Nb6 16. Qd3 Ba6 17. b3 Rad8 18. Rae1 d5 19. exd5 cxd5 20. Nxd5 Nxd5 21.
Bxd5 Qg3 22. Qd2 Rxd5 23. cxd5 Bxf1 24. Kxf1 Rd8 25. Bf2 Bc3 26. Bxg3 Bxd2 27.
Rd1 Ba5 28. Ke2 f5 29. Bf2 a6 30. Bc5 Kf7 31. Rd4 Bb6 32. b4 Ke8 33. Kd3 Kd7
34. Bxb6 cxb6 35. Rc4 b5 36. Rc6 Ra8 37. Kd4 a5 38. a3 axb4 39. axb4 Ra2 40.
Kc5 Rxg2 41. Rb6 Rc2+ 42. Kxb5 Rf2 43. Ra6 Rc2 44. Kb6 Kd6 45. b5 Kxd5 46. Ka7
Rb2 47. b6 Ke4 48. Ra4+ Kf3 49. b7 Kg3 50. b8=Q Rxb8 51. Kxb8 Kxh3 52. Kc7 h5
53. Kd6 h4 54. Ke5 Kg4 55. Ra1 h3 56. Rg1+ Kh5 57. Kf6 h2 58. Rh1 Kg4 59. Rxh2
Kxf4 60. Rh4+ Kg3 61. Kg5 {: 0} 1-0

[Event "SR 2. liga A 2011/2012"]
[Site "?"]
[Date "2011.11.05"]
[Round "17.3"]
[White "Machalova, Veronika"]
[Black "Novak, Ivan"]
[Result "1-0"]
[WhiteElo "2209"]
[BlackElo "2187"]
[PlyCount "109"]
[EventDate "2011.??.??"]
[WhiteTeam "Slovakia"]
[BlackTeam "Slovakia"]
[WhiteTeamCountry "SVK"]
[BlackTeamCountry "SVK"]

1. e4 Nc6 2. Nc3 Nf6 3. g3 d5 4. exd5 Nb4 5. Bg2 Bg4 6. Nf3 Nbxd5 7. h3 Nxc3 8.
bxc3 Bh5 9. g4 Bg6 10. d3 e6 11. O-O Bd6 12. c4 c6 13. Qe2 O-O 14. a4 Re8 15.
Ne5 Nd7 16. Bb2 Nxe5 17. Bxe5 a5 18. Rab1 Re7 19. Rb3 Bc5 20. Rfb1 Ra7 21. Bxc6
Qc8 22. Bg2 f6 23. Bc3 Be8 24. Ra1 Bc6 25. Bxc6 Qxc6 26. Rb5 b6 27. Re1 Qd6 28.
Qf3 Rad7 29. Rbb1 Rd8 30. Kg2 Qd7 31. Rb5 Qc7 32. Rb3 e5 33. Rb5 Kf7 34. Re2
Qd6 35. Rb1 Kg8 36. Qe4 Qc7 37. Qf3 Qd7 38. Ra1 Qc7 39. Bb2 Qd7 40. Qe4 Qc7 41.
Ba3 Rd4 42. Qa8+ Kf7 43. Bxc5 Qxc5 44. Rae1 Red7 45. Rb1 R4d6 46. Qf3 Kg8 47.
Rb3 h6 48. Re1 Re7 49. Qa8+ Kf7 50. Rb5 Qa3 51. c5 bxc5 52. Qxa5 c4 53. dxc4
Qa2 54. Qb4 Rd2 55. Qxd2 1-0

[Event "SR 2. liga A 2011/2012"]
[Site "?"]
[Date "2011.11.05"]
[Round "17.4"]
[White "Janos, Jozef"]
[Black "Sosovicka, Juraj"]
[Result "0-1"]
[WhiteElo "2145"]
[BlackElo "2198"]
[PlyCount "210"]
[EventDate "2011.??.??"]
[WhiteTeam "Slovakia"]
[BlackTeam "Slovakia"]
[WhiteTeamCountry "SVK"]
[BlackTeamCountry "SVK"]

1. d4 Nf6 2. Nf3 d6 3. c4 Nbd7 4. Nc3 g6 5. g3 Bg7 6. Bg2 O-O 7. O-O c6 8. e4
e5 9. dxe5 dxe5 10. Qc2 Qc7 11. h3 Re8 12. Be3 Bf8 13. a3 Nc5 14. b4 Ne6 15.
Rac1 Ng7 16. Qb2 Nfh5 17. g4 Nf4 18. Bxf4 exf4 19. e5 Rd8 20. Ne4 Ne8 21. Rcd1
Be6 22. Qc1 Bg7 23. Qc3 Rxd1 24. Rxd1 Rd8 25. Re1 b6 26. c5 Bd5 27. Nf6+ Nxf6
28. exf6 Bf8 29. cxb6 axb6 30. Ne5 Bxg2 31. Kxg2 Re8 32. b5 c5 33. Nc6 Qd7 34.
Rxe8 Qxe8 35. Kf3 Bd6 36. a4 Qe6 37. Kg2 h6 38. Kf3 Qd5+ 39. Ke2 Qa2+ 40. Kf3
Qd5+ 41. Ke2 Qe4+ 42. Kf1 Qxa4 43. Qd3 Qa1+ 44. Kg2 Qxf6 45. Qe4 c4 46. Nd4 Qe5
47. Qxe5 Bxe5 48. Nc6 f6 49. Kf3 Kf7 50. Ke4 Ke6 51. Nb4 Kd6 52. Na6 c3 53. Kd3
Kd5 54. f3 c2 55. Nb4+ Kc5 56. Nxc2 Kxb5 57. Na3+ Kc5 58. Nc4 b5 59. Nd2 Kd5
60. Nb3 Bb2 61. Kc2 Bd4 62. Kd3 Be3 63. Kc3 Bc5 64. Kd3 Bd6 65. Nd4 Kc5 66.
Nb3+ Kb4 67. Nd2 Bc5 68. Ne4 Be7 69. Nd2 Ka3 70. Kc2 Bd8 71. Nb1+ Kb4 72. Nd2
Bb6 73. Ne4 Bd8 74. Nd2 Kc5 75. Kd3 Kd5 76. Nb3 Be7 77. Nd4 b4 78. Nb3 Bc5 79.
Nd2 Bd4 80. Nb3 Bc3 81. Na5 Bb2 82. Nc4 Bc1 83. Na5 Be3 84. Nb3 Bb6 85. Nd2 Bc7
86. Nb3 Ke5 87. Nd4 Kd5 88. Nb3 Bb6 89. Nd2 Be3 90. Nb3 Bf2 91. Na5 Bb6 92. Nb3
Be3 93. Na5 Ke6 94. Kc4 f5 95. gxf5+ Kxf5 96. Nc6 Bd2 97. Kd3 Be1 98. Ne7+ Kg5
99. Kc4 Kf6 100. Nd5+ Ke5 101. Ne7 g5 102. Nc6+ Kf6 103. Nd4 Kg6 104. Kd3 Bc3
105. Ne2 Kh5 0-1

[Event "SR 2. liga A 2011/2012"]
[Site "?"]
[Date "2011.11.05"]
[Round "17.5"]
[White "Machalova, Maria"]
[Black "Hajek, Lukas"]
[Result "1/2-1/2"]
[WhiteElo "2184"]
[BlackElo "2038"]
[PlyCount "115"]
[EventDate "2011.??.??"]
[WhiteTeam "Slovakia"]
[BlackTeam "Slovakia"]
[WhiteTeamCountry "SVK"]
[BlackTeamCountry "SVK"]

1. c4 e5 2. Nc3 Nf6 3. g3 c6 4. d4 exd4 5. Qxd4 d5 6. cxd5 cxd5 7. Bg2 Nc6 8.
Qd1 d4 9. Ne4 Nxe4 10. Bxe4 Bb4+ 11. Bd2 O-O 12. Nf3 Qe7 13. Bd3 Bh3 14. Rg1
Bg4 15. Bxb4 Nxb4 16. Kf1 Bh3+ 17. Ke1 Bg4 18. Kf1 Bxf3 19. exf3 Nxd3 20. Qxd3
Rfe8 21. Qxd4 b6 22. Kg2 Rad8 23. Qc3 Rc8 24. Rge1 Rxc3 25. Rxe7 Rxe7 26. bxc3
Re2 27. a4 Rc2 28. a5 bxa5 29. Rxa5 Rxc3 30. Rxa7 g6 31. h4 Kg7 32. g4 h6 33.
Ra5 Rc2 34. Kg3 Rc1 35. h5 gxh5 36. Rxh5 Kg6 37. Ra5 Rb1 38. Ra6+ Kg7 39. f4
Rb5 40. Rc6 Ra5 41. Rc4 Rb5 42. f5 Ra5 43. Kf4 Rb5 44. g5 hxg5+ 45. Kxg5 Rb6
46. Rc8 Ra6 47. f6+ Rxf6 48. Rg8+ Kxg8 49. Kxf6 Kf8 50. f4 Kg8 51. Ke7 f5 52.
Kf6 Kf8 53. Kxf5 Kf7 54. Ke5 Ke7 55. f5 Kf7 56. f6 Kf8 57. Ke6 Ke8 58. f7+
1/2-1/2

[Event "SR 2. liga A 2011/2012"]
[Site "?"]
[Date "2011.11.05"]
[Round "17.6"]
[White "Chovanec, Vladimir"]
[Black "Oprea, Erik"]
[Result "0-1"]
[WhiteElo "2114"]
[BlackElo "2135"]
[PlyCount "50"]
[EventDate "2011.??.??"]
[WhiteTeam "Slovakia"]
[BlackTeam "Slovakia"]
[WhiteTeamCountry "SVK"]
[BlackTeamCountry "SVK"]

1. e4 d5 2. exd5 Nf6 3. Nf3 Nxd5 4. d4 g6 5. c4 Nb6 6. c5 Nd5 7. Bc4 Nc6 8. Nc3
e6 9. O-O Bg7 10. Re1 O-O 11. a3 h6 12. Ba2 Kh7 13. h3 b6 14. Nxd5 exd5 15.
cxb6 axb6 16. Bf4 Bb7 17. Rc1 Rc8 18. Qd2 Qd7 19. Bb1 Rfe8 20. h4 h5 21. Be3
Na5 22. Ba2 Nc4 23. Bxc4 dxc4 24. Ng5+ Kg8 25. Rxc4 Qd5 {0 :} 0-1

[Event "SR 2. liga A 2011/2012"]
[Site "?"]
[Date "2011.11.05"]
[Round "17.7"]
[White "Ochrana, Ladislav"]
[Black "Orolin, Peter"]
[Result "0-1"]
[WhiteElo "2062"]
[BlackElo "2074"]
[PlyCount "130"]
[EventDate "2011.??.??"]
[WhiteTeam "Slovakia"]
[BlackTeam "Slovakia"]
[WhiteTeamCountry "SVK"]
[BlackTeamCountry "SVK"]

1. d4 d5 2. Nd2 Nf6 3. Ngf3 e6 4. c3 Be7 5. Qc2 Nbd7 6. e3 O-O 7. Bd3 c5 8. Ne5
c4 9. Nxd7 Bxd7 10. Be2 b5 11. e4 dxe4 12. Nxe4 Bc6 13. Bf3 Bxe4 14. Bxe4 Nxe4
15. Qxe4 Qd5 16. f3 f5 17. Qxd5 exd5 18. Bf4 Bf6 19. Kf2 Rfe8 20. Rhe1 Kf7 21.
a4 b4 22. a5 a6 23. Bd6 Rxe1 24. Kxe1 b3 25. Kd2 Ke6 26. Bc7 Re8 27. f4 g6 28.
Ra4 Be7 29. g3 Kd7 30. Bb6 Rc8 31. Ra1 Bd6 32. Re1 Re8 33. Rf1 Re4 34. Rf2 Be7
35. Rf1 Bd6 36. Rf2 h6 37. Rf1 Ke6 38. Bd8 Kd7 39. Bb6 Bb8 40. Rf3 Bd6 41. Rf1
Re8 42. Rf3 Bc7 43. Bxc7 Kxc7 44. Rf1 Kc6 45. Ra1 Kb5 46. h4 Re6 47. Ra3 Re7
48. Ra1 Re4 49. Ra3 g5 50. hxg5 hxg5 51. fxg5 Rg4 52. Ra1 Rxg3 53. Re1 Rxg5 54.
Re5 Kxa5 55. Rxd5+ Kb6 56. Rc5 Rg2+ 57. Ke3 Rxb2 58. Rxc4 a5 59. d5 Rh2 60. Rc8
Kb7 61. Rc5 b2 62. Rb5+ Kc7 63. c4 a4 64. c5 a3 65. c6 Rh6 {0 ?} 0-1

[Event "SR 2. liga A 2011/2012"]
[Site "?"]
[Date "2011.11.05"]
[Round "17.8"]
[White "Danada, Tomas"]
[Black "Prikler, Bruno"]
[Result "1/2-1/2"]
[WhiteElo "1960"]
[BlackElo "2037"]
[PlyCount "82"]
[EventDate "2011.??.??"]
[WhiteTeam "Slovakia"]
[BlackTeam "Slovakia"]
[WhiteTeamCountry "SVK"]
[BlackTeamCountry "SVK"]

1. d4 Nf6 2. c4 c5 3. d5 b5 4. cxb5 a6 5. b6 d6 6. Nc3 Nbd7 7. e4 g6 8. Nf3
Qxb6 9. Be2 Bg7 10. O-O O-O 11. Nd2 Rb8 12. Nc4 Qc7 13. Qc2 Nb6 14. Ne3 e6 15.
dxe6 fxe6 16. a4 Nbd7 17. f4 Rb4 18. a5 Nb8 19. Bd2 Nc6 20. Bc4 Nd4 21. Qb1 Nb3
22. Bxb3 Rxb3 23. Qc2 Rb4 24. f5 Qb7 25. fxg6 hxg6 26. e5 Rxb2 27. Qxg6 dxe5
28. Nc4 Rb4 29. Nxe5 Qc7 30. Qg5 Bb7 31. Rf2 Be4 32. Ne2 Rb1+ 33. Rxb1 Bxb1 34.
Ng6 Bxg6 35. Qxg6 Qe5 36. Bc3 Qe3 37. Kf1 e5 38. Rf3 Qe4 39. Qxe4 Nxe4 40.
Rxf8+ Kxf8 41. Be1 Ke7 1/2-1/2

[Event "SR 2. liga A 2011/2012"]
[Site "?"]
[Date "2011.11.05"]
[Round "18.1"]
[White "Banas, Kamil"]
[Black "Frindt, Kornel"]
[Result "0-1"]
[WhiteElo "2222"]
[BlackElo "2223"]
[PlyCount "118"]
[EventDate "2011.??.??"]
[WhiteTeam "Slovakia"]
[BlackTeam "Slovakia"]
[WhiteTeamCountry "SVK"]
[BlackTeamCountry "SVK"]

1. e4 c5 2. c3 Nf6 3. e5 Nd5 4. d4 cxd4 5. Nf3 Nc6 6. cxd4 d6 7. Bc4 e6 8. O-O
Be7 9. Qe2 O-O 10. Nc3 Nxc3 11. bxc3 dxe5 12. dxe5 b6 13. Bd3 Qc7 14. Qe4 g6
15. Bh6 Rd8 16. Rfe1 Bb7 17. Qe2 Rac8 18. Rac1 Na5 19. Nd4 Nc4 20. Bf4 Rd5 21.
Bg3 Bg5 22. f4 Be7 23. f5 gxf5 24. Nxf5 exf5 25. e6 Bc5+ 26. Kh1 Nd6 27. c4
Rxd3 28. Qxd3 Ne4 29. Qd7 Nxg3+ 30. hxg3 fxe6 31. Qxe6+ Qf7 32. Rcd1 Qxe6 33.
Rxe6 Kf7 34. Rh6 Kg7 35. Re6 Rc7 36. Kh2 a5 37. Rf1 Bc8 38. Re8 Bd7 39. Rd8 Be6
40. Rf4 Kf6 41. Rh4 Kg6 42. Re8 Be7 43. Rf4 Kf7 44. Rh8 Kg7 45. Rb8 Bc5 46. Re8
Bd7 47. Rd8 a4 48. Ra8 a3 49. Rd8 Bc8 50. Re8 Rc6 51. Rh4 Be6 52. Ra8 Rd6 53.
Re8 Bf7 54. Re5 Bg6 55. Re7+ Kf6 56. Ra7 Rd2 57. Rf4 Kg5 58. Rf3 Rxa2 59. Rb3
Rc2 0-1

[Event "SR 2. liga A 2011/2012"]
[Site "?"]
[Date "2011.11.05"]
[Round "18.2"]
[White "Petrik, Stanislav"]
[Black "Matejovic, Juraj"]
[Result "1-0"]
[WhiteElo "2165"]
[BlackElo "2243"]
[PlyCount "119"]
[EventDate "2011.??.??"]
[WhiteTeam "Slovakia"]
[BlackTeam "Slovakia"]
[WhiteTeamCountry "SVK"]
[BlackTeamCountry "SVK"]

1. e4 c5 2. Nf3 d6 3. Bb5+ Bd7 4. Bxd7+ Qxd7 5. O-O Nc6 6. c3 Nf6 7. Qe2 e6 8.
d4 cxd4 9. cxd4 d5 10. e5 Ne4 11. Nbd2 Nxd2 12. Bxd2 Be7 13. Rac1 O-O 14. Rc3
a6 15. Rfc1 Rfc8 16. a3 Na7 17. Qd3 Rxc3 18. Rxc3 Rc8 19. Qc2 Rc6 20. Rxc6 Nxc6
21. g3 b5 22. Kg2 Qb7 23. h4 Qb6 24. Qc3 a5 25. Qd3 a4 26. h5 h6 27. g4 b4 28.
axb4 Nxb4 29. Qc3 Qc6 30. Qxc6 Nxc6 31. Kf1 f6 32. exf6 Bxf6 33. Bc3 Kf7 34.
Ke2 Ke7 35. Kd3 Kd6 36. Ke3 Na7 37. Bb4+ Kc6 38. Ne5+ Kb5 39. Bf8 Nc6 40. f4
Na5 41. Kd3 Nb3 42. Nf3 Nc1+ 43. Ke3 Kc4 44. g5 hxg5 45. fxg5 Bxg5+ 46. Nxg5
Nd3 47. Ba3 e5 48. Ne6 exd4+ 49. Ke2 Ne5 50. Nxg7 d3+ 51. Kd1 d4 52. h6 Kd5 53.
h7 Ng6 54. Kd2 Ke4 55. Bc5 Kd5 56. Ba7 Kc4 57. Nf5 Kb3 58. Bxd4 a3 59. bxa3
Kxa3 60. Bf6 1-0

[Event "SR 2. liga A 2011/2012"]
[Site "?"]
[Date "2011.11.05"]
[Round "18.3"]
[White "Federic, Pavol"]
[Black "Petrik, Karol"]
[Result "1-0"]
[WhiteElo "2219"]
[BlackElo "2082"]
[PlyCount "67"]
[EventDate "2011.??.??"]
[WhiteTeam "Slovakia"]
[BlackTeam "Slovakia"]
[WhiteTeamCountry "SVK"]
[BlackTeamCountry "SVK"]

1. e4 c6 2. d4 g6 3. Nc3 Bg7 4. Be3 d5 5. e5 Nh6 6. f4 f6 7. Nf3 Qb6 8. Na4
Qa5+ 9. c3 Nd7 10. b4 Qc7 11. Qb3 O-O 12. Bd3 b5 13. Nc5 Nxc5 14. bxc5 Bf5 15.
Be2 Kh8 16. O-O a5 17. a4 bxa4 18. Rxa4 Rfb8 19. Qa2 Ra7 20. Bd2 Be4 21. c4
dxc4 22. Bxc4 Nf5 23. Bxa5 Qb7 24. Nd2 Bd5 25. Bxd5 cxd5 26. Rb1 Qa8 27. Rxb8+
Qxb8 28. Qxd5 Bh6 29. g3 Qb5 30. Rb4 Qe8 31. c6 Rxa5 32. Qxa5 Qxc6 33. Qd8+ Kg7
34. Rb8 1-0

[Event "SR 2. liga A 2011/2012"]
[Site "?"]
[Date "2011.12.03"]
[Round "18.3"]
[White "Sosovicka, Juraj"]
[Black "Federic, Pavol"]
[Result "0-1"]
[WhiteElo "2198"]
[BlackElo "2219"]
[PlyCount "76"]
[EventDate "2011.??.??"]
[WhiteTeam "Slovakia"]
[BlackTeam "Slovakia"]
[WhiteTeamCountry "SVK"]
[BlackTeamCountry "SVK"]

1. e4 e5 2. Nf3 Nc6 3. Bc4 Bc5 4. c3 Nf6 5. d3 Bb6 6. O-O h6 7. Nbd2 O-O 8. Re1
d6 9. Bb3 Be6 10. Nc4 Qd7 11. a4 Ng4 12. Nxb6 axb6 13. d4 Bxb3 14. Qxb3 exd4
15. cxd4 Rfe8 16. Bf4 Ra5 17. h3 Nf6 18. d5 Ne7 19. Bd2 Ra6 20. Bc3 Nh5 21. Qc4
Ng6 22. b3 Nhf4 23. Qf1 Raa8 24. Kh2 f5 25. Qc4 fxe4 26. Rxe4 Rxe4 27. Qxe4 Re8
28. Qc4 Qf7 29. Rd1 Re2 30. Bd4 Re4 31. Nd2 Ne5 32. Nxe4 Nxc4 33. bxc4 Qg6 34.
Ng3 Qc2 35. Re1 Kf7 36. Re4 g5 37. h4 Nh5 38. f3 Nf4 0-1

[Event "SR 2. liga A 2011/2012"]
[Site "?"]
[Date "2011.11.05"]
[Round "18.4"]
[White "Krajnak, Robert"]
[Black "Skara, Vladimir"]
[Result "1-0"]
[WhiteElo "2094"]
[BlackElo "2219"]
[PlyCount "119"]
[EventDate "2011.??.??"]
[WhiteTeam "Slovakia"]
[BlackTeam "Slovakia"]
[WhiteTeamCountry "SVK"]
[BlackTeamCountry "SVK"]

1. Nf3 Nf6 2. c4 c5 3. d4 cxd4 4. Nxd4 b6 5. Nc3 Bb7 6. Bg5 h6 7. Bxf6 gxf6 8.
e4 a6 9. Be2 e6 10. a3 d6 11. O-O Rg8 12. Bh5 Qe7 13. Re1 Nd7 14. Nd5 exd5 15.
exd5 Ne5 16. f4 O-O-O 17. fxe5 fxe5 18. Nc6 Qg5 19. Qf3 Rd7 20. Re2 f5 21. Rf1
f4 22. Qh3 Kc7 23. Bf3 Rdg7 24. Qh5 Qf6 25. c5 bxc5 26. b4 Be7 27. Nxe7 Rxe7
28. bxc5 Rg5 29. cxd6+ Kxd6 30. Qh3 Qf5 31. Qxh6+ Qg6 32. Qxg6+ Rxg6 33. Rb1
Rgg7 34. Be4 Rc7 35. Rb6+ Kd7 36. Reb2 Kc8 37. Re6 Rge7 38. Rxe7 Rxe7 39. d6
Rg7 40. d7+ Rxd7 41. Bf5 Bc6 42. Re2 e4 43. Rf2 f3 44. gxf3 exf3 45. h4 Kd8 46.
Bxd7 Kxd7 47. Kh2 Ke6 48. Kg3 Kf5 49. Rxf3+ Bxf3 50. Kxf3 a5 51. a4 Ke5 52. Kg4
Kf6 53. Kf4 Kg6 54. Ke5 Kh5 55. Kd5 Kxh4 56. Kc5 Kg5 57. Kb5 Kf6 58. Kxa5 Ke7
59. Kb6 Kd8 60. Kb7 1-0

[Event "SR 2. liga A 2011/2012"]
[Site "?"]
[Date "2011.11.05"]
[Round "18.5"]
[White "Mydlarik, Martin"]
[Black "Magyar, Frantisek"]
[Result "1-0"]
[WhiteElo "2136"]
[BlackElo "2019"]
[PlyCount "51"]
[EventDate "2011.??.??"]
[WhiteTeam "Slovakia"]
[BlackTeam "Slovakia"]
[WhiteTeamCountry "SVK"]
[BlackTeamCountry "SVK"]

1. c4 Nf6 2. Nc3 g6 3. d4 Bg7 4. e4 d6 5. f4 O-O 6. Nf3 c5 7. d5 e6 8. Bd3 exd5
9. cxd5 a6 10. O-O b5 11. Bc2 Ra7 12. e5 Ne8 13. h3 Re7 14. Ne4 Bf5 15. Re1
Bxe4 16. Rxe4 Nd7 17. Qe1 h6 18. Bd2 Qc7 19. Ba5 Qb8 20. Qh4 g5 21. fxg5 Nxe5
22. Nxe5 Rxe5 23. Rg4 f5 24. gxh6 Rf7 25. hxg7 Nxg7 26. Bc3 1-0

[Event "SR 2. liga A 2011/2012"]
[Site "?"]
[Date "2011.11.05"]
[Round "18.6"]
[White "Polacik, Igor"]
[Black "Mruskovic, Radoslav"]
[Result "1/2-1/2"]
[WhiteElo "2165"]
[BlackElo "1973"]
[PlyCount "46"]
[EventDate "2011.??.??"]
[WhiteTeam "Slovakia"]
[BlackTeam "Slovakia"]
[WhiteTeamCountry "SVK"]
[BlackTeamCountry "SVK"]

1. d4 g6 2. c4 Bg7 3. Nc3 d6 4. e4 Nf6 5. Be2 O-O 6. Bg5 h6 7. Be3 Nc6 8. h4 h5
9. f3 e5 10. d5 Nb4 11. Nh3 c6 12. Nf2 cxd5 13. cxd5 Bd7 14. Qd2 a5 15. g4 Rc8
16. a3 Na6 17. Bxa6 bxa6 18. Bg5 Qb6 19. Bxf6 Bxf6 20. gxh5 Qd4 21. hxg6 fxg6
22. Rd1 Qxd2+ 23. Kxd2 Bg7 1/2-1/2

[Event "SR 2. liga A 2011/2012"]
[Site "?"]
[Date "2011.11.05"]
[Round "18.7"]
[White "Kundrak, Vladimir"]
[Black "Farkas, Vladimir"]
[Result "1-0"]
[WhiteElo "1957"]
[BlackElo "1918"]
[PlyCount "69"]
[EventDate "2011.??.??"]
[WhiteTeam "Slovakia"]
[BlackTeam "Slovakia"]
[WhiteTeamCountry "SVK"]
[BlackTeamCountry "SVK"]

1. b3 e5 2. Bb2 Nc6 3. e3 Nf6 4. Bb5 d6 5. d4 exd4 6. Qxd4 Bd7 7. Bxc6 Bxc6 8.
Nf3 Be7 9. Nc3 O-O 10. O-O-O Qd7 11. h3 Qf5 12. e4 Bxe4 13. Nxe4 Qxe4 14. Qd2
Rfe8 15. Rhe1 Qf5 16. Nd4 Qg6 17. f4 h6 18. g4 Bf8 19. Nf3 Rxe1 20. Rxe1 Re8
21. f5 Rxe1+ 22. Qxe1 Qh7 23. Qb4 h5 24. g5 Qxf5 25. Qxb7 Ne4 26. Ne1 Qxg5+ 27.
Kb1 Qe3 28. Nd3 Nc5 29. Qxa7 Qxh3 30. Nxc5 dxc5 31. Qxc7 Qf5 32. Be5 f6 33. Bh2
g5 34. Qd8 h4 35. Bd6 1-0

[Event "SR 2. liga A 2011/2012"]
[Site "?"]
[Date "2011.11.06"]
[Round "19.1"]
[White "Pagerka, Martin"]
[Black "Petenyi, Tamas"]
[Result "1/2-1/2"]
[WhiteElo "2200"]
[BlackElo "2347"]
[PlyCount "79"]
[EventDate "2011.??.??"]
[WhiteTeam "Slovakia"]
[BlackTeam "Slovakia"]
[WhiteTeamCountry "SVK"]
[BlackTeamCountry "SVK"]

1. d4 Nf6 2. Nf3 e6 3. Bg5 b6 4. e3 Bb7 5. Nbd2 Be7 6. Be2 d6 7. O-O Nbd7 8. c3
c6 9. Re1 Nf8 10. h3 Ng6 11. Qa4 a6 12. Qb3 h6 13. Bxf6 Bxf6 14. Nc4 b5 15.
Ncd2 O-O 16. Bd3 Nh4 17. Nxh4 Bxh4 18. a4 Rb8 19. axb5 axb5 20. Qc2 e5 21. Nf3
Bf6 22. Red1 Qe7 23. Ra7 Ra8 24. Rxa8 Rxa8 25. dxe5 dxe5 26. Bf5 Rd8 27. Rxd8+
Qxd8 28. Qd2 g6 29. Qxd8+ Bxd8 30. Bc2 Bc7 31. Nd2 Kf8 32. Kf1 Ke7 33. Ke2 Bb6
34. Nb1 c5 35. e4 c4 36. Nd2 Kd6 37. b4 cxb3 38. Bxb3 f6 39. Bf7 g5 40. f3 $11
1/2-1/2

[Event "SR 2. liga A 2011/2012"]
[Site "?"]
[Date "2011.11.06"]
[Round "19.2"]
[White "Lesny, Stefan"]
[Black "Bury, Rastislav"]
[Result "1/2-1/2"]
[WhiteElo "2074"]
[BlackElo "2173"]
[PlyCount "89"]
[EventDate "2011.??.??"]
[WhiteTeam "Slovakia"]
[BlackTeam "Slovakia"]
[WhiteTeamCountry "SVK"]
[BlackTeamCountry "SVK"]

1. e4 c5 2. f4 g6 3. Nf3 Bg7 4. c3 e6 5. Be2 Ne7 6. d3 b6 7. Na3 a6 8. Nc4 d5
9. Ne3 Bb7 10. e5 Nd7 11. d4 b5 12. Bd2 Qb6 13. Nc2 Rc8 14. Be3 Nf5 15. Bf2
cxd4 16. Nfxd4 Nxd4 17. Bxd4 Qc7 18. a4 bxa4 19. Rxa4 Ra8 20. b4 O-O 21. O-O f6
22. Bg4 Qc6 23. exf6 Bxf6 24. Ra3 Rae8 25. Re1 Bc8 26. Qd3 Nb6 27. Bf3 Nc4 28.
Ra2 Bb7 29. Bxf6 Rxf6 30. Nd4 Qd6 31. g3 e5 32. fxe5 Nxe5 33. Qd1 Nxf3+ 34.
Nxf3 Rxe1+ 35. Nxe1 Qe5 36. Qd2 d4 37. cxd4 Qe4 38. Ng2 Qb1+ 39. Ne1 Re6 40.
Kf1 Rxe1+ 41. Qxe1 Qxa2 42. Qe8+ Kg7 43. Qe5+ Kh6 44. Qf4+ Kg7 45. Qe5+ $11
1/2-1/2

[Event "SR 2. liga A 2011/2012"]
[Site "?"]
[Date "2011.11.06"]
[Round "19.3"]
[White "Polasek, Filip"]
[Black "Takacs, Laszlo"]
[Result "0-1"]
[WhiteElo "2123"]
[BlackElo "1976"]
[PlyCount "66"]
[EventDate "2011.??.??"]
[WhiteTeam "Slovakia"]
[BlackTeam "Slovakia"]
[WhiteTeamCountry "SVK"]
[BlackTeamCountry "SVK"]

1. e4 c5 2. Nf3 e6 3. d4 cxd4 4. Nxd4 Nf6 5. Nc3 Nc6 6. Be3 Bb4 7. Bd3 d5 8.
O-O Bxc3 9. bxc3 dxe4 10. Bb5 Bd7 11. Bg5 Nxd4 12. Bxf6 gxf6 13. Bxd7+ Qxd7 14.
cxd4 O-O-O 15. c3 Kb8 16. Qe2 Qc6 17. Rab1 Ka8 18. Rb3 f5 19. Rfb1 Rd7 20. Qb2
Rg8 21. a4 f4 22. a5 h5 23. Rb5 h4 24. Re5 Qd6 25. Rh5 f3 26. Rxh4 Rxg2+ 27.
Kh1 Rg8 28. Qb5 f5 29. Rh6 a6 30. Qb3 Rdg7 31. Rg6 Rh8 32. Rg3 Rgh7 33. Kg1 Qe7
0-1

[Event "SR 2. liga A 2011/2012"]
[Site "?"]
[Date "2011.11.06"]
[Round "19.5"]
[White "Jozefek, Michal"]
[Black "Partys, Petr"]
[Result "1-0"]
[WhiteElo "1910"]
[BlackElo "2027"]
[PlyCount "105"]
[EventDate "2011.??.??"]
[WhiteTeam "Slovakia"]
[BlackTeam "Slovakia"]
[WhiteTeamCountry "SVK"]
[BlackTeamCountry "SVK"]

1. d4 Nf6 2. c4 e6 3. Nf3 Bb4+ 4. Nbd2 d5 5. a3 Bd6 6. g3 O-O 7. Bg2 a5 8. O-O
Nbd7 9. e4 dxe4 10. Ng5 h6 11. Ngxe4 Nxe4 12. Nxe4 Nf6 13. Nxd6 cxd6 14. Be3 d5
15. c5 Bd7 16. Qd3 a4 17. b4 axb3 18. Qxb3 Bc6 19. Rfb1 Qd7 20. Bf1 Ne4 21. a4
f5 22. f3 Nf6 23. a5 Rfe8 24. Bf4 Qf7 25. Qd3 g5 26. Bd6 g4 27. Qc3 Kh7 28. f4
Ne4 29. Be5 Qd7 30. Rb6 Kg6 31. a6 bxa6 32. Raxa6 Rxa6 33. Bxa6 Ra8 34. Qd3 h5
35. Kf1 h4 36. gxh4 Kh5 37. Kg2 Kh6 38. Qb3 Nd2 39. Qe3 Ne4 40. Qb3 Nd2 41. Qb4
Nf3 42. Bf6 Kg6 43. Bg5 Nxg5 44. hxg5 Rh8 45. Qe1 Rf8 46. Qe5 Qe8 47. Bb7 Bd7
48. c6 Bc8 49. Bxc8 Qxc8 50. c7 Re8 51. Rb8 Qd7 52. Qf6+ Kh7 53. Qh6+ 1-0

[Event "SR 2. liga A 2011/2012"]
[Site "?"]
[Date "2011.11.06"]
[Round "19.6"]
[White "Koloditsova, Renata"]
[Black "Spacek, Oliver"]
[Result "1/2-1/2"]
[WhiteElo "1839"]
[BlackElo "1907"]
[PlyCount "67"]
[EventDate "2011.??.??"]
[WhiteTeam "Slovakia"]
[BlackTeam "Slovakia"]
[WhiteTeamCountry "SVK"]
[BlackTeamCountry "SVK"]

1. d4 Nf6 2. c4 g6 3. Nc3 Bg7 4. e4 d6 5. f4 O-O 6. Nf3 c5 7. d5 a6 8. a4 e6 9.
Be2 exd5 10. exd5 Re8 11. O-O Bf5 12. Nh4 Be4 13. f5 Nbd7 14. Bg5 h6 15. Bxf6
Bxf6 16. fxg6 fxg6 17. Nxe4 Bd4+ 18. Kh1 Qxh4 19. Nd2 Ne5 20. Nf3 Nxf3 21. Rxf3
Re5 22. Qc2 Re4 23. Bd3 Re1+ 24. Rxe1 Qxe1+ 25. Rf1 Re8 26. g3 Qe7 27. Bxg6 Rf8
28. Bf5 Kg7 29. Kg2 Qe3 30. Bh7 Rxf1 31. Qg6+ Kf8 32. Qxd6+ Kg7 33. Qg6+ Kf8
34. Qd6+ $11 1/2-1/2

[Event "SR 2. liga A 2011/2012"]
[Site "?"]
[Date "2011.11.06"]
[Round "19.7"]
[White "Pericka, Tomas"]
[Black "Feher, Tibor"]
[Result "1-0"]
[WhiteElo "2008"]
[BlackElo "1802"]
[PlyCount "49"]
[EventDate "2011.??.??"]
[WhiteTeam "Slovakia"]
[BlackTeam "Slovakia"]
[WhiteTeamCountry "SVK"]
[BlackTeamCountry "SVK"]

1. e4 e5 2. f4 exf4 3. Nf3 d6 4. d4 Nf6 5. Nc3 Nc6 6. Bc4 Be7 7. O-O O-O 8.
Bxf4 a6 9. a3 b5 10. Bd3 Nd7 11. Nd5 Bf6 12. Nxf6+ Nxf6 13. Bg5 Re8 14. c3 Ne7
15. Bxf6 gxf6 16. Qe1 Ng6 17. Qg3 Kh8 18. Nh4 Rg8 19. Rad1 Ne5 20. Qf4 Nxd3 21.
Rxd3 Rg4 22. Qh6 Rxe4 23. Rxf6 Re1+ 24. Kf2 Qe7 25. Ng6+ 1-0